Fund for the improvement of postsecondary education (Бичлэгийн дугаар. 146162)
| 000 -УДИРДЛАГА | |
|---|---|
| Удирдлага | 00427nam a22001817a 4500 |
| 003 - ХЯНАЛТЫН ТОО ТОДОРХОЙЛОГЧ | |
| Код | MN-UlNUM |
| 005 - БИЧИЛТ ХИЙСЭН ОГНОО | |
| Тухайн бичилтийг бичсэн засварласан сүүлийн огноо | 20260112140346.0 |
| 008 - ЕРӨНХИЙ МЭДЭЭЛЭЛ | |
| Ерөнхий мэдээлэл | 260112b xxu||||| |||| 00| 0 mon d |
| 040 ## - БИЧЛЭГ ҮҮСГЭГЧ БАЙГУУЛЛАГА | |
| Бичлэг үүсгэгч номын сангийн код | МУИС-ийн номын сан |
| 084 ## - ББК АНГИЛАЛ | |
| Нэмэлт тусгалт | Бусад |
| ББК ангилал | 74.58 |
| Зохиогчийн гурван тэмдэгт | F 97 |
| Мэдлэгийн ялгаа | 74 - Боловсрол |
| 245 ## - ҮНДСЭН ГАРЧИГ | |
| Номын нэр | Fund for the improvement of postsecondary education |
| 260 ## - ГАРАЛТЫН МЭДЭЭ | |
| Хэвлэгдсэн он | 1991 |
| 300 ## - МАТЕРИАЛЫН ТОДОРХОЙЛОЛТ | |
| хуудасны тоо | 210p. : |
| 500 ## - Тайлбар | |
| Дансны дугаар | БС 4939 |
| 546 ## - ХЭЛНИЙ ТУХАЙ МЭДЭЭ | |
| Хэл | Англи хэл дээр, |
| 942 ## - ЭЛЕМЕНТИЙН ТӨРӨЛ | |
| Зүйлийн төрөл | Ном |
